000 00799nam a2200241Ia 4500
003 OSt
005 20220926012438.0
006 a|||||r|||| 00| 0
007 ta
008 220923b |||||||| |||| 00| 0 eng d
020 _a9780231158855
_c1612.3699999999999
037 _b353, 13/03/2015, CLASSIC BOOKS SERVICES
_cGeneral Book
040 _aRTL
_cRTL
_beng
041 _2eng
_aeng
082 _aY9(W).46.P, Q4
100 _aLYNCH Marc
_9316510
245 0 _aArab uprisings explained
_b New contentious politics in the middle east.
260 _aNew York
_bColumbia University Press
_c2014
300 _aviii,340p.
_ccm.
650 _aGeography
942 _hY9(W).46.P, Q4
_cGB
_2CC
999 _c623022
_d623022